জাদুবাস্তববাদ : (Record no. 2406)

MARC details
000 -LEADER
fixed length control field 00889nam a22002297a 4500
003 - CONTROL NUMBER IDENTIFIER
control field BD-DhJNU
005 - DATE AND TIME OF LATEST TRANSACTION
control field 20251209090003.0
008 - FIXED-LENGTH DATA ELEMENTS--GENERAL INFORMATION
fixed length control field 251209b |||||||| |||| 00| 0 eng d
020 ## - INTERNATIONAL STANDARD BOOK NUMBER
International Standard Book Number 9789848892763
040 ## - CATALOGING SOURCE
Original cataloging agency BD-DhJNU
Language of cataloging BAN
Transcribing agency BD-DhJNU
Modifying agency BD-DhJNU
082 ## - DEWEY DECIMAL CLASSIFICATION NUMBER
Edition number 23
Classification number 809
100 ## - MAIN ENTRY--PERSONAL NAME
Personal name হক, হামীম কামরুল
242 ## - TRANSLATION OF TITLE BY CATALOGING AGENCY
Title Magical realism :
Statement of responsibility, etc. Hamim Kamrul Haque
245 ## - TITLE STATEMENT
Title জাদুবাস্তববাদ :
Statement of responsibility, etc. হামীম কামরুল হক
246 ## - VARYING FORM OF TITLE
Title proper/short title Jadubastabbad
260 ## - PUBLICATION, DISTRIBUTION, ETC.
Place of publication, distribution, etc. ঢাকা :
Name of publisher, distributor, etc. সংবেদ,
Date of publication, distribution, etc. 2016.
300 ## - PHYSICAL DESCRIPTION
Extent ৫৫ পৃ. :
Other physical details চিত্র ;
Dimensions ২০ সেমি.।
504 ## - BIBLIOGRAPHY, ETC. NOTE
Bibliography, etc. note গ্রন্থপঞ্জিগত নির্দেশিকা ও নিঘন্ট অন্তভূক্ত
650 ## - SUBJECT ADDED ENTRY--TOPICAL TERM
Topical term or geographic name entry element জাদুবিদ্যা
650 ## - SUBJECT ADDED ENTRY--TOPICAL TERM
Topical term or geographic name entry element Magical Realism
942 ## - ADDED ENTRY ELEMENTS (KOHA)
Source of classification or shelving scheme Dewey Decimal Classification
Koha item type Books
Suppress in OPAC No
Holdings
Withdrawn status Lost status Source of classification or shelving scheme Damaged status Not for loan Collection Home library Current library Shelving location Date acquired Source of acquisition Total checkouts Full call number Barcode Date last seen Copy number Price effective from Koha item type
    Dewey Decimal Classification     Non-fiction Jagannath University Central Library Jagannath University Central Library General stacks 12/09/2025 Purchased   809 HAM JNUCL36407 12/09/2025 1 12/09/2025 Books
    Dewey Decimal Classification     Non-fiction Jagannath University Central Library Jagannath University Central Library General stacks 12/09/2025 Purchased   809 HAM JNUCL36408 12/09/2025 2 12/09/2025 Books
    Dewey Decimal Classification     Non-fiction Jagannath University Central Library Jagannath University Central Library General stacks 12/09/2025 Purchased   809 HAM JNUCL36409 12/09/2025 3 12/09/2025 Books